000 00833 a2200217 4500
003 Nust
005 20230227133130.0
010 _a 99026100
020 _a0534362524 (alk. paper)
040 _cNust
082 0 0 _a158.7,MUC
100 1 _aMuchinsky, Paul M.
_937151
245 1 0 _aPsychology applied to work :
_ban introduction to industrial and organizational psychology /
_cPaul M. Muchinsky.
250 _a6th ed.
260 _aAustralia ;
_aBelmont, CA :
_bWadsworth Pub.,
_cc2000.
300 _axxiv, 551 p. :
_bill. (some col.) ;
_c24 cm.
505 _aThe Foundation of Industrial Organizational I/O Psychology (Page-1), Personnel Psychology (Page-57), Organizational Psychology (Page-235), The Work Environment (Page-393).
650 0 _aOrganizational behavior.
650 0 _aPsychology, Industrial.
942 _2ddc
_cBK
999 _c176840
_d176840